[Event "Benidorm Bali op-A"]
[Site "Benidorm"]
[Date "2023.12.01"]
[Round "1"]
[White "Potawad, Anirudhha"]
[Black "Mitrabha, Guha"]
[Result "0-1"]
[WhiteElo "2075"]
[BlackElo "2508"]
[PlyCount "72"]
[EventDate "2023.12.01"]
[EventType "swiss"]
[EventRounds "9"]
[EventCountry "ESP"]
[SourceTitle "CB50_2023"]
[SourceDate "2023.12.13"]
[SourceVersion "1"]
[SourceVersionDate "2023.12.13"]
[SourceQuality "1"]

1. e4 e6 2. d4 d5 3. exd5 exd5 4. Bd3 c5 5. dxc5 Bxc5 6. Nf3 Nf6 7. 0-0 0-0 8. Nbd2 Nc6 9. c3 Bb6 10. h3 h6 11. Nb3 Ne4 12. Nbd4 Re8 13. Be3 Bc7 14. Rc1 Qf6 15. c4 Nxd4 16. Bxd4 Qd6 17. Re1 Bxh3 18. gxh3 Ng5 19. Ne5 Qf6 20. Kg2 Bxe5 21. Qe2 Ne4 22. Bxe4 dxe4 23. Bxe5 Rxe5 24. Rc3 Rae8 25. Rg3 h5 26. b3 g6 27. Qe3 b6 28. Rd1 Qe6 29. Rd2 Kh7 30. Rd4 Rf5 31. Qe2 Qf6 32. Rd2 Ree5 33. Kg1 Rf3 34. Kg2 Kg7 35. b4 Qf4 36. Rc2 Rg5 0-1

[Event "Madurai Athens of the East op 2nd"]
[Site "Madurai"]
[Date "2022.06.30"]
[Round "4"]
[White "Girinath, PDS"]
[Black "Potawad, Anirudhha"]
[Result "1-0"]
[WhiteElo "2361"]
[BlackElo "1905"]
[PlyCount "117"]
[EventDate "2022.06.28"]
[EventType "swiss"]
[EventRounds "10"]
[EventCountry "IND"]
[SourceTitle "EXT 2023"]
[Source "ChessBase"]
[SourceDate "2022.10.05"]
[SourceVersion "1"]
[SourceVersionDate "2022.10.05"]
[SourceQuality "1"]

1. e4 e5 2. Nf3 Nc6 3. Bb5 Nf6 4. 0-0 Nxe4 5. Re1 Nd6 6. a4 Be7 7. Nc3 0-0 8. d4 e4 9. Nxe4 Nxe4 10. Rxe4 d5 11. Re1 f6 12. c3 Bd6 13. Bd3 g5 14. Nd2 Qd7 15. Nf1 Qf7 16. f4 gxf4 17. Qf3 Ne7 18. Bxf4 Bxf4 19. Qxf4 Ng6 20. Bxg6 hxg6 21. Re3 Be6 22. Rae1 Rae8 23. Ng3 g5 24. Qf3 Bd7 25. Nf5 Bxf5 26. Qxf5 c6 27. h4 Rxe3 28. Rxe3 Re8 29. Rf3 gxh4 30. Qg4+ Qg7 31. Qxh4 Kf7 32. Rg3 Qh8 33. Qg4 Qh6 34. Rh3 Qg6 35. Qf4 Re4 36. Qc7+ Re7 37. Qb8 Qg8 38. Qf4 Qg6 39. Rh8 Re2 40. Qc7+ Re7 41. Qb8 Qg7 42. Qh2 Qg4 43. Rh7+ Ke6 44. Rxe7+ Kxe7 45. Qc7+ Qd7 46. Qf4 Qd6 47. Qe3+ Qe6 48. Kf2 Kf7 49. Qf4 Kg6 50. Qg3+ Kh5 51. Qh3+ Qxh3 52. gxh3 Kh4 53. Kg2 a5 54. b4 b6 55. bxa5 bxa5 56. Kh2 Kg5 57. Kg3 f5 58. h4+ Kh5 59. Kf4 1-0

[Event "Gujarat op 2nd"]
[Site "Ahmedabad"]
[Date "2019.09.23"]
[Round "3"]
[White "Shailesh, Dravid"]
[Black "Potawad, Anirudhha"]
[Result "1-0"]
[WhiteElo "2299"]
[BlackElo "1914"]
[PlyCount "48"]
[EventDate "2019.09.22"]
[EventType "swiss"]
[EventRounds "10"]
[EventCountry "IND"]
[SourceTitle "EXT 2020"]
[Source "ChessBase"]
[SourceDate "2019.10.17"]
[SourceVersion "1"]
[SourceVersionDate "2019.10.17"]
[SourceQuality "1"]

1. d4 Nf6 2. c4 e6 3. Nf3 d5 4. Nc3 Be7 5. g3 c5 6. cxd5 exd5 7. Bg2 h6 8. 0-0 0-0 9. dxc5 Bxc5 10. Na4 Be7 11. Be3 Nc6 12. Rc1 Ne4 13. Nd4 Bd7 14. Nc3 Nxc3 15. Rxc3 Nxd4 16. Bxd4 Bc6 17. Qd3 Qd7 18. Rd1 Rfd8 19. Qb1 b6 20. h4 Rac8 21. Kh2 Qd6 22. Qf5 Bf8 23. h5 Re8 24. Rdc1 Bd7 1-0

[Event "Hyderabad op 3rd"]
[Site "Hyderabad"]
[Date "2019.08.26"]
[Round "9"]
[White "Barath, Kalyan M"]
[Black "Potawad, Anirudhha"]
[Result "1-0"]
[WhiteElo "2118"]
[BlackElo "1833"]
[PlyCount "81"]
[EventDate "2019.08.20"]
[EventType "swiss"]
[EventRounds "10"]
[EventCountry "IND"]
[SourceTitle "EXT 2020"]
[Source "ChessBase"]
[SourceDate "2019.10.17"]
[SourceVersion "1"]
[SourceVersionDate "2019.10.17"]
[SourceQuality "1"]

1. a3 d5 2. Nf3 Nf6 3. d4 e6 4. c4 Be7 5. Nc3 b6 6. Bf4 Bb7 7. e3 c6 8. Qc2 Nbd7 9. cxd5 Nxd5 10. Nxd5 exd5 11. Bd3 h6 12. h4 a6 13. g4 c5 14. Rc1 c4 15. Be2 b5 16. Kf1 Qb6 17. Ne5 Nxe5 18. Bxe5 Bf6 19. Bf4 Qe6 20. Kg2 Be7 21. Bf3 g6 22. g5 h5 23. Rhe1 0-0 24. e4 dxe4 25. Bxe4 Bxe4+ 26. Qxe4 Qxe4+ 27. Rxe4 Rfe8 28. Rce1 Kf8 29. Bc7 Rac8 30. Bg3 Rcd8 31. Be5 a5 32. Bc7 Ra8 33. d5 Bc5 34. d6 Rec8 35. Re5 Bd4 36. Rxb5 c3 37. bxc3 Bxc3 38. Rc1 Bd2 39. Rc2 Bf4 40. Rc4 Bd2 41. d7 1-0

[Event "IND-ch U15"]
[Site "Tiruchengode"]
[Date "2019.07.11"]
[Round "4"]
[White "Raja, Rithvik R"]
[Black "Potawad, Anirudhha"]
[Result "1-0"]
[WhiteElo "2357"]
[BlackElo "1830"]
[PlyCount "55"]
[EventDate "2019.07.09"]
[EventType "swiss"]
[EventRounds "11"]
[EventCountry "IND"]
[SourceTitle "EXT 2020"]
[Source "ChessBase"]
[SourceDate "2019.10.17"]
[SourceVersion "1"]
[SourceVersionDate "2019.10.17"]
[SourceQuality "1"]

1. c4 Nf6 2. Nc3 e6 3. e4 d5 4. e5 d4 5. exf6 dxc3 6. bxc3 Qxf6 7. d4 Bd6 8. Nf3 h6 9. Bd3 Nd7 10. 0-0 0-0 11. Qe2 Re8 12. Qe4 Nf8 13. c5 Be7 14. Bf4 Bd7 15. Ne5 Rad8 16. Nxd7 Rxd7 17. Be5 Qg6 18. Qf3 Qg5 19. Qxb7 Bxc5 20. Bb5 c6 21. Qxc6 Be7 22. Qf3 Red8 23. Bxd7 Rxd7 24. Rab1 Qd2 25. a4 Qc2 26. Qc6 f6 27. Rb8 Bd8 28. Bd6 1-0

[Event "Mumbai Wealth op U13 4th"]
[Site "Mumbai"]
[Date "2019.01.07"]
[Round "9"]
[White "Laddha, Shubh Jayesh"]
[Black "Potawad, Anirudhha"]
[Result "1/2-1/2"]
[WhiteElo "1567"]
[BlackElo "1849"]
[PlyCount "74"]
[EventDate "2018.12.30"]
[EventType "swiss"]
[EventRounds "9"]
[EventCountry "IND"]
[SourceTitle "CBM 188 Extra"]
[Source "ChessBase"]
[SourceDate "2019.02.26"]
[SourceVersion "1"]
[SourceVersionDate "2019.02.26"]
[SourceQuality "1"]

1. e4 e5 2. Nf3 Nc6 3. Bb5 Nf6 4. 0-0 Nxe4 5. d4 Nd6 6. Bxc6 dxc6 7. dxe5 Nf5 8. Qxd8+ Kxd8 9. Nc3 h6 10. h3 Be7 11. Bf4 Be6 12. Rad1+ Kc8 13. a3 a5 14. Rd2 b6 15. Rfd1 Kb7 16. Ne2 Bd5 17. Ned4 Nxd4 18. Nxd4 g6 19. Re1 Bg5 20. Bxg5 hxg5 21. e6 c5 22. Nf3 Bxf3 23. gxf3 Rae8 24. e7 Rxh3 25. Rd8 Rhh8 26. Red1 Kc6 27. b3 b5 28. c3 f5 29. b4 axb4 30. axb4 cxb4 31. cxb4 Kb6 32. Kg2 f4 33. R1d2 Kc6 34. Rc2+ Kb6 35. Rcd2 Kc6 36. Rc2+ Kb6 37. Rcd2 Kc6 1/2-1/2